Hong Kong monthly (Record no. 83959)

MARC details
000 -LEADER
fixed length control field 01615cad a22002295a 4500
001 - CONTROL NUMBER
control field L156165
008 - FIXED-LENGTH DATA ELEMENTS--GENERAL INFORMATION
fixed length control field 120502s2012 xxk 000 0 eng d
035 ## - SYSTEM CONTROL NUMBER
System control number (Sirsi) u156165
041 0# - LANGUAGE CODE
Language code of text/sound track or separate title eng
110 2# - MAIN ENTRY--CORPORATE NAME
Corporate name or jurisdiction name as entry element Knight Frank
9 (RLIN) 1530
245 00 - TITLE STATEMENT
Title Hong Kong monthly
Remainder of title review and commentary on Hong Kong's property market
Medium [electronic resource]
260 ## - PUBLICATION, DISTRIBUTION, ETC.
Place of publication, distribution, etc. [S.l.]
Name of publisher, distributor, etc. Knight Frank
Date of publication, distribution, etc. 2012
490 #0 - SERIES STATEMENT
Series statement Knight Frank Hong Kong Monthly
Volume/sequential designation April 2012
520 ## - SUMMARY, ETC.
Summary, etc. Grade A office market remained the weakest Hong Kong property sector in March but the Grade A office leasing market saw signs of further correction with large-scale transactions remaining scarce. The retail sector combined to outperform on the back of strong retailer demand. The residential market posted further rebounds during the traditional peak season.
520 ## - SUMMARY, ETC.
Summary, etc. Market in brief - Prime office: selected office sales and leasing transactions; month-on-month movement of Grade A office rents; prime office market indicators - Residential: selected residential sales and leasing transactions; month-on-month movement of luxury residential rents; luxury residential market indicators - Retail: selected retail sales and leasing transactions; month-on-month movement of prime street shop rents; retail sales by type of retail outlet.
590 ## - LOCAL NOTE (RLIN)
Local note KA
651 #4 - SUBJECT ADDED ENTRY--GEOGRAPHIC NAME
Geographic name Hong Kong
690 ## - LOCAL SUBJECT ADDED ENTRY--TOPICAL TERM (OCLC, RLIN)
Topical term or geographic name as entry element Commercial property
9 (RLIN) 6227
690 ## - LOCAL SUBJECT ADDED ENTRY--TOPICAL TERM (OCLC, RLIN)
Topical term or geographic name as entry element Residential property
9 (RLIN) 6266
856 40 - ELECTRONIC LOCATION AND ACCESS
Uniform Resource Identifier <a href="https://my.knightfrank.com/research/?regionid=5">https://my.knightfrank.com/research/?regionid=5</a>
Public note View the report (click on Asia Pacific and Commercial in the Refine box then click on title) at my.knightfrank.com
942 ## - ADDED ENTRY ELEMENTS (KOHA)
Suppress in OPAC 0
Holdings
Withdrawn status Lost status Source of classification or shelving scheme Damaged status Not for loan Home library Current library Shelving location Date acquired Total Checkouts Full call number Barcode Date last seen Copy number Price effective from Koha item type
    Dewey Decimal Classification     Virtual Virtual Online 02/05/2012   ONLINE PUBLICATION 156165-2001 06/08/2019 1 06/08/2019 Book